000
00306nam a2200133Ia 4500
008
191201s2012 xx 000 0 und d
082
_a
621.313
_b
BHE
100
_a
BHATTACHARYYA, SK
245
0
_a
Electrical Machines
250
_a
Rep
260
_c
2012
_b
TMH
_a
NEW DELHI
300
_a
545
942
_2
ddc
_c
BK
999
_c
8056
_d
8056